| 000 | 00426nam a2200145 a 4500 | ||
|---|---|---|---|
| 001 | 122 | ||
| 003 | CDMR | ||
| 005 | 20130321174201.0 | ||
| 008 | 130130s2005||||||||||||||||||||||||||||d | ||
| 040 |
_aCDMR _bcat _cCPC LLEIDA |
||
| 110 | 1 |
_9101 _aEspaƱa _b -- Ministerio de Presidencia |
|
| 245 | 1 | 0 |
_aAgenda de la Comunicación 2005 _cMinisterio de la Presidencia |
| 260 |
_aMadrid _c2005 _bMinisterio de la Presidencia |
||
| 942 |
_cMON _2udc |
||
| 999 |
_c122 _d122 |
||